000
00311nam a22001337a 4500
008
170508b xxu||||| |||| 00| 0 eng d
020
_a
9781594606847
041
_a
eng
080
_a
34
100
_a
14
101
_a
SHJ
245
_a
LAWTERS CROSSING LINES TEN STORIES
_c
SIEGEL.M.L
942
_2
udc
_c
BK
999
_c
12900
_d
12900